000 00282nam a22001217a 4500
020 _a9788178846743
082 _a330
100 _aR.Kothekar
245 _aEmerging trends in labour economics
260 _aNew Delhi
_bCybertech publications
_c2011
300 _a264p
942 _cBK
999 _c3231
_d3231